000 00604cam a2200205 a 4500
003 OSt
005 20260416103111.0
008 960710s1997 caua b s001 0 eng
020 _a9788120815230
040 _cHDL
_beng
082 0 0 _a294.5 P3
_220
100 1 _aKinsley, David
_91232689
245 1 0 _aTantric visions of the divine feminine :
_bthe ten mahāvidyās /
_cDavid Kinsley.
260 _aMotilal Banarsidas Publishers
_bDelhi
_c2003
300 _ax, 318 p.
_c24 cm.
650 0 _aHindu goddesses.
_91234922
650 0 _aTantrism.
_91234923
942 _2CC
_cTEXL
_n0
999 _c1848275
_d1848275